Les 20 départements les plus à l'ouest - Difficile - Statistiques

Statistiques générales
  • Ce quiz a été pris 145 fois
  • Le résultat moyen est 15 sur 20
Statistiques - réponses
Coordonnées Département % Correct
5° 06' Ouest Finistère
97%
61° 48' Ouest Guadeloupe
96%
3° 42' 56'' Ouest Morbihan
96%
61° 13' 00' Ouest Martinique
95%
3° 37' 47'' Ouest Côtes-d'Armor
94%
54° 22' 58'' Ouest Guyane
91%
2° 32' 42'' Ouest Loire-Atlantique
88%
2° 21' 04'' Ouest Vendée
85%
2° 13' 12'' Ouest Ille-et-Vilaine
81%
1° 55' 53" Ouest Manche
78%
1° 34' 18'' Ouest Charente-Maritime
73%
1° 27' 36'' Ouest Landes
73%
1° 46' 24'' Ouest Pyrénées Atlantiques
73%
1° 08' 48'' Ouest Gironde
61%
1° 19' 15'' Ouest Maine-et-Loire
56%
1° 12' 05' Ouest Mayenne
52%
1° 07' 43'' Ouest Calvados
50%
0° 32' 39'' Ouest Deux-Sèvres
44%
0° 48' 00'' Ouest Orne
44%
0° 24' 37'' Ouest Charente
42%
Aucun quiz correspondant
Distribution des résultats
% des personnes avec chaque résultat
Percentile par nombre de réponses
Votre historique - résultats
Vous n’avez pas pris ce quiz